|
|
|
|
| LEADER |
00000nam a2200000 a 4500 |
| 001 |
vtls001285496 |
| 003 |
SK-MaSNL |
| 005 |
20260223171700.0 |
| 008 |
240314s1985 xx 0 und |
| 035 |
|
|
|a SNK000237015
|
| 040 |
|
|
|a SNK
|b slo
|c SNK
|e AACR2
|
| 100 |
1 |
|
|a Valach, Július,
|d 1945-
|4 aut
|
| 245 |
1 |
0 |
|a Výskum knižnej kultúry na Slovensku
|
| 260 |
|
|
|a Bratislava
|b Veda
|c 1985
|
| 300 |
|
|
|a 6 s.
|
| 958 |
|
|
|a OND
|
| 999 |
|
|
|c 628404
|d 630334
|
| 952 |
|
|
|a SNK
|b SNK
|y PREZ
|7 0
|p 17A0933025
|o snkSC 65932
|0 0
|1 0
|4 0
|d 2012-08-07
|l 0
|r 2025-07-07 00:00:00
|w 2026-02-23
|
| 952 |
|
|
|t P60, <04>, [BOOK], {604}
|a SNK
|b SNK
|y VYP
|7 0
|p 17A0065885
|o snkSC 65932 D1
|0 0
|1 0
|4 0
|d 1997-05-02
|l 0
|r 2005-01-02 00:00:00
|w 2026-02-23
|